000 00218nam a2200097Ia 4500
008 240331s9999 xx 000 0 und d
082 _bWAT
100 _aPerera,k.A.G. ed
245 0 _aWathukaraye sanskruthiya
942 _cL
999 _c4618
_d4618